000 02840cam a22005294i 4500
003 PE-LiUPU
005 20250731173355.0
008 150706s2009 sp a r 000 0 spa d
020 _a9788482675688
035 _a(Sirsi) i9788482675688
040 _aPE-LiUPU
_bspa
_cPE-LiUPU
_erda
049 _aPRUA
082 0 4 _a220.63
_bH23
_221
100 1 _aHaskell, Rob,
_eautor.
245 1 0 _aHermenéutica :
_binterpretación eficaz hoy /
_cRob Haskell.
264 1 _aBarcelona :
_bClie,
_c2009.
300 _a304 páginas :
_bilustraciones ;
_c21 centímetros
336 _atext
_2rdacontent
337 _aunmediated
_2rdamedia
338 _avolume
_2rdacarrier
505 0 _aAutoridad bíblica -- ¿Es necesario interpretar? -- Prácticas de interpretación populares -- Prácticas de interpretación populares -- Dos teorías de interpretación -- Lo que quieren decir las palabras -- En su Contexto -- En su situación histórica y cultural -- De acuerdo con el tipo de literatura -- Conexiones -- Tres famosas malinterpretaciones -- Hermenéutica, cosmovisión y transformación.
526 _aSEG42
526 _aSEG41
526 _aSEG40
526 _aSEG39
526 _aP94
526 _aP87
526 _aP86
526 _aP85
526 _aP77
526 _aP76
526 _aP35
541 _g001-0000515;
541 _g001-0000535;
541 _g001-0000481;
650 0 4 _aHermenéutica bíblica.
910 _agl
_bjv
_cng
_d20101026
942 _2ddc
_cBOOK
949 _a220.63 H23
_wDEWEY
_c1
_i62224
_lCCODEBUL1
_mBUL
_p15.00
_r0
_sY
_tBOOK
_u2015-7-6
_xTEOLOGIA
_PP35
_0COMPRA
_o.STAFF. Colección Teología
949 _a220.63 H23
_wDEWEY
_c2
_i63087
_d2015-10-2
_e2015-10-1
_lCCODEBUL1
_mBUL
_n1
_p19.00
_r0
_sY
_tBOOK
_u2015-7-6
_xTEOLOGIA
_PP35
_0COMPRA
_o.STAFF. Colección Teología
949 _a220.63 H23
_wDEWEY
_c3
_i63707
_d2015-11-15
_e2015-11-12
_lCCODEBUL1
_mBUL
_n2
_p21.00
_r0
_sY
_tBOOK
_u2015-7-6
_xTEOLOGIA
_PP35
_0COMPRA
_o.STAFF. Colección Teología
994 _aC0
_bPEPRU
596 _a1
999 _a220.63 H23
_wDEWEY
_c51305
_i62224
_f2021-11-9
_g5
_lCCODEBUL1
_mBUL
_p15.00
_r0
_sY
_tBOOK
_u2015-7-6
_xTEOLOGIA
_PP35
_0COMPRA
_o.STAFF. Colección General
_d51305
999 _a220.63 H23
_wDEWEY
_c2
_i63087
_d2019-6-4
_e2019-5-22
_f2021-11-9
_g5
_lCCODEBUL1
_mBUL
_n4
_p19.00
_q3
_r0
_sY
_tBOOK
_u2015-7-6
_xTEOLOGIA
_PP35
_0COMPRA
_o.STAFF. Colección Teología
999 _a220.63 H23
_wDEWEY
_c3
_i63707
_d2019-4-30
_e2018-5-29
_f2021-11-9
_g5
_lCCODEBUL1
_mBUL
_n3
_p21.00
_q5
_r0
_sY
_tBOOK
_u2015-7-6
_xTEOLOGIA
_PP35
_0COMPRA
_o.STAFF. Colección Teología
980 _81
_gALBERTO SANCHEZ Responsable de Automatización